LEADER 01393nam a2200313 u 4500 001 000000115047 003 CaOOAMICUS 005 20090327170154.0 008 090327s2007 it u000 u ita r 040 $aPUL$bita$dLDB 041 1 $aita$heng 100 1 $aMarcuse, Herbert,$d1898-1979.$0(OLS)http://pul/name/10739 240 10$aEros and Civilisation.$lItaliano.$0(OLS)http://pul/title/72688 245 10$aEros e civiltá /$cHerbert Marcuse. 260 $aMilano :$bFabbri ;$aMilano :$bR.C.S. Libri,$cc2007. 300 $a280 p. ;$c22 cm 490 1 $aLa grande biblioteca della psicologia 500 $aTrad. di Lorenzo Bassi. 504 $aBibliografia in nota. 600 14$aFreud, Sigmund,$d1856-1939$xCritica e interpretazione.$0(OLS)http://pul/subject/7836 650 4$aCiviltà occidentale$zAspetti psicologici.$0(OLS)http://pul/subject/33210 700 1 $aJervis, Giovanni,$d1933-$0(OLS)http://pul/name/38484 830 3$aLa grande biblioteca della psicologia.$0(OLS)http://pul/title/132327 850 $aPUL 852 $aPUL$W1$xSL Filosofia 3$y81$m150 COLL 2.99$j131745$qDDC 21$q $B130726$CPULBib$Z2$F130726 $H109854 $81 941 1 $a9 996 $6245$aEros e civiltá$9(OLS)http://pul/title/72689 996 $6260$aMilano :$bFabbri$9(OLS)http://pul/publisher/55162 996 $6260$aMilano :$bR.C.S. Libri$9(OLS)http://pul/publisher/74600 LEADER 01763nam a2200337 a 4500 001 000000127680 003 CaOOAMICUS 005 20120220100433.0 008 120220s2011 gw u000 u ger r 020 $a978-3-16-151005-2 040 $aPUL$bita 082 04$a230.2 245 00$aSakrament und Wort im Grund und Gegenstand des Glaubens :$btheologische Studien zur römisch-katholischen und evangelisch-lutherischen Lehre /$cherausgegeben von Eilert Herms und Lubomir Zak. 260 $aTübingen :$bMohr Siebeck ;$aCittà del Vaticano :$bLateran University Press,$c2011. 300 $aXIV, 293 p. ;$c23 cm. 500 $aInclude indice. 504 $aBibliografia in nota. 650 4$aTeologia fondamentale.$0(OLS)http://pul/subject/146 650 4$aSacramenti.$0(OLS)http://pul/subject/763 700 1 $aHerms, Eilert.$0(OLS)http://pul/name/42861 700 1 $aZak, Lubomír,$d1964-$0(OLS)http://pul/name/32062 850 $aPUL 852 $aPUL$W1$xSL Religione 3$y85$m230. 2 HEREI 2$j147754$qDDC 21$B146354$CPULBib$Z2$F146354 $H118663 $82 852 $aPUL$W1$xDP2 Religione 3$y114$m230. 2 HEREI 2B$j199304$qDDC 21$B203969$CPULBib$Z2$F203969 $H135412 $82 941 1 $a9 996 $6020$a978-3-16-151005-2$9(OLS)http://pul/number/148964 996 $6082$a230.2$9(OLS)http://pul/classification/486 996 $6245$aSakrament und Wort im Grund und Gegenstand des Glaubens :$btheologische Studien zur römisch-katholischen und evangelisch-lutherischen Lehre$9(OLS)http://pul/title/161364 996 $6260$aTübingen :$bMohr Siebeck$9(OLS)http://pul/publisher/52004 996 $6260$aCittà del Vaticano :$bLateran University Press$9(OLS)http://pul/publisher/74585